[Event "IND-ch (Women) 48th"]
[Site "Hatkanangale"]
[Date "2022.12.28"]
[Round "3"]
[White "Elakshi, Srivastava"]
[Black "Shirke, Mahima"]
[Result "1-0"]
[WhiteElo "1387"]
[BlackElo "1174"]
[PlyCount "71"]
[EventDate "2022.12.26"]
[EventType "swiss"]
[EventRounds "11"]
[EventCountry "IND"]
[SourceTitle "CBM 212 Extra"]
[Source "ChessBase"]
[SourceDate "2023.03.31"]
[SourceVersion "1"]
[SourceVersionDate "2023.03.31"]
[SourceQuality "1"]

1. Nf3 d5 2. b3 Bf5 3. Bb2 h6 4. e3 e6 5. a3 Nf6 6. d4 Be7 7. Bd3 Bxd3 8. Qxd3 Nbd7 9. Nbd2 0-0 10. 0-0 c5 11. Rac1 Rc8 12. c4 cxd4 13. exd4 Qa5 14. c5 Qc7 15. b4 a6 16. Rc2 Qc6 17. Ne5 Nxe5 18. dxe5 Nd7 19. Rfc1 f6 20. Nf3 fxe5 21. Nxe5 Nxe5 22. Bxe5 Bg5 23. Qg3 Rf7 24. Re1 Qd7 25. Rce2 Bf6 26. Bd6 Re8 27. Qg4 Bc3 28. Rd1 Qa4 29. Re3 d4 30. Rh3 Qc2 31. f4 Rf6 32. Rg3 Rg6 33. Qf3 Rxg3 34. hxg3 Qa4 35. Be5 Qxa3 36. Qxb7 1-0